000 00757cab a2200217 4500
001 WB3509-10
008 090401t1999 xxu||||| |||| 00| 0 eng d
035 _a(Sirsi) u91730
041 _aeng
245 _aCapital`s mayor to get a riverside view
260 _c1999
350 _a0
490 _aWeekend Financial Times
_v27 February 1999, 7(1)
520 _aThe Government has chosen a modern design by Sir Norman Foster for the headquarters of the Greater London Authority. It will be built at London Bridge City, a riverside site south of the Thames.
650 _aGREATER LONDON AUTHORITY
650 _aLONDON BRIDGE CITY
650 _aSIR NORMAN FOSTER
690 _aBUILDING AND CONSTRUCTION-PROJECTS
942 _n0
948 _c03/03/1999
999 _c58221
_d58221